| 000 | 00612cam a22002291 4500 | ||
|---|---|---|---|
| 001 | sa 67001885 | ||
| 003 | DLC | ||
| 005 | 20260227112326.0 | ||
| 008 | 890606q19601967ii 000 0 hino | ||
| 010 | _asa 67001885 | ||
| 035 | _a(OCoLC)19824774 | ||
| 040 |
_aDLC _cWaU _dNRU _dDLC |
||
| 042 | _apremarc | ||
| 050 | 0 | 0 |
_aPK2057 _b.S33 |
| 100 | 1 |
_aSaxena, Gopal Das, _d1926- |
|
| 245 | 1 | 0 |
_aHindī ke śr̥ṅgāra gīta. _c[Sampādaka] 'Nīraja'. |
| 260 |
_aDillī, _bHinda Pākeṭa Buksa _c[196-] |
||
| 300 |
_a118 p. _c15 cm. |
||
| 500 | _aIn Hindi. | ||
| 500 | _aPoems. | ||
| 650 | 0 | _aLove poetry, Hindi. | |
| 999 |
_c72907 _d72907 |
||